000 00502nam a2200181Ia 4500
001 21452
005 20260306172920.0
008 260306t2021||||xx |||||||||||||| ||spa||
041 _aESP
082 _a344.526
_bP26
100 _aPariona Arana, Raúl
_eAUT
245 0 _aEl delito de lavado de activos:
_bcomentarios, artículo por artículo, al decreto legislativo N° 1106
260 _c2021
300 _a447 páginas :
_c25 cm.
650 _aGEN
654 _aCDE
942 _cLIB
_dJUS
_fJUS
_2ddc
_n
999 _c21452
_d21452